Welcome to the Holygrace Academy Library

Please use search bar below to get started

JIMMY WOODS AND THE BIG BAD WOLF (Record no. 2725)

MARC details
000 -LEADER
fixed length control field 00311nam a22001337a 4500
020 ## - INTERNATIONAL STANDARD BOOK NUMBER
ISBN 0-7136-3757-9
082 ## - DEWEY DECIMAL CLASSIFICATION NUMBER
Classification number 823
Item number GOW/J
100 ## - MAIN ENTRY--AUTHOR NAME
Personal name GOWAR, MICK
245 ## - TITLE STATEMENT
Title JIMMY WOODS AND THE BIG BAD WOLF
260 ## - PUBLICATION, DISTRIBUTION, ETC. (IMPRINT)
Place of publication LONDON
Name of publisher A & C BLACK
Year of publication 1994
300 ## - PHYSICAL DESCRIPTION
Number of Pages 64
650 ## - SUBJECT ADDED ENTRY--TOPICAL TERM
Topical Term ENGLISH SHORT STORY
Geographic subdivision LONDON
942 ## - ADDED ENTRY ELEMENTS (KOHA)
Koha item type Books
Holdings
Withdrawn status Lost status Collection code Home library Current library Shelving location Date acquired Source of acquisition Cost, normal purchase price Full call number Accession Number Koha item type
    Fiction Main Library Main Library SHELF 3- D- ENGLISH CHILDRENS LITERATURE &MYTHOLOGY 30/09/2019 PURCHASE 40.00 823 GOW/J 10850 Books